Hauptstädte und größte Städte (Niedersachsen) - Statistiken

Allgemein
  • Dieses Quiz wurde 48 mal gespielt
  • Das Durchschnittsergebnis liegt bei 41 aus 76
Antwortstatistiken
Antwort % Korrekt
Hannover
100%
Hannover
100%
Aurich
85%
Celle
85%
Celle
83%
Cloppenburg
83%
Cuxhaven
83%
Cuxhaven
80%
Aurich
78%
Cloppenburg
78%
Diepholz
75%
Goslar
75%
Goslar
75%
Göttingen
75%
Göttingen
75%
Gifhorn
70%
Hildesheim
70%
Hameln
68%
Hameln
68%
Hildesheim
68%
Gifhorn
65%
Leer (Ostfriesland)
65%
Helmstedt
63%
Helmstedt
63%
Holzminden
63%
Holzminden
63%
Leer (Ostfriesland)
63%
Lüneburg
63%
Lüneburg
63%
Nienburg/Weser
63%
Nienburg/Weser
63%
Hannover
60%
Hannover
60%
Northeim
60%
Peine
58%
Peine
58%
Uelzen
58%
Uelzen
58%
Osnabrück
55%
Stade
55%
Stade
55%
Vechta
55%
Vechta
55%
Verden (Aller)
55%
Jever
53%
Lingen (Ems)
53%
Meppen
53%
Nordhorn
53%
Nordhorn
53%
Rotenburg (Wümme)
53%
Rotenburg (Wümme)
53%
Wolfenbüttel
50%
Lüchow (Wendland)
48%
Lüchow (Wendland)
48%
Wittmund
48%
Wittmund
48%
Wolfenbüttel
48%
Westerstede
43%
Winsen (Luhe)
38%
Achim
33%
Seevetal
33%
Melle
30%
Stadthagen
30%
Bad Fallingbostel
28%
Einbeck
28%
Walsrode
28%
Rinteln
25%
Bad Zwischenahn
23%
Brake (Unterweser)
20%
Nordenham
20%
Stuhr
20%
Varel
20%
Osterholz-Scharmbeck
18%
Osterholz-Scharmbeck
18%
Wildeshausen
18%
Ganderkesee
15%
Keine übereinstimmenden Quizze gefunden
Verteilung der Resultate
Anzahl Personen mit jedem Resultat
Perzentil nach korrekt beantworteten Fragen
Ihre Resultats-Entwicklung
Sie haben dieses Quiz noch nicht gespielt